00995 2200325 4500001002100000005001500021035002000036007000300056008004100059020002200100082001700122084001900139100003800158245008600196250001800282300003100300710002800331264004000359336002100399337003000420338002300450040002200473090002200495650004000517850001200557504003400569999002200603990002200625990002200647INLIS00000000088437020240226022013 a0010-0224000917ta240226s2023 yoi g ind d a978-602-376-791-504223a346.0135 a346.0135 KRE h0 aKresna Agung YudhiantoePengarang10aHukum perlindungan anak & kdrt /cKresna Agung Yudhianto; penyunting, Tim Redaksi aCetakan, 2023 aviii, 176 halaman ;c23 cm aTim RedaksiePenyunting31aBantul :bPustaka Baru Press,c2023 2rdacontentateks 2rdamediaatanpa perantara 2rdacarrieravolume aYOPDYOGbinderda aCB-D.11 2023-3781 4aAnak--xUndang-undang dan peraturan aYOPDYOG aBibliografi : halaman 171-173 aCB-D.11/2023-3781 aCB-D.11/2023-3781 aCB-D.11/2023-3781